000 00652nam a2200205 i 4500
001 50292
005 20230410143108.0
008 071213b1955 dr a 000 0 spa
040 _aDRFGD
_ spa
041 0 _aspa
050 1 4 _abA837 1955
110 _aAsociación pro-democracia Americana
245 0 0 _aHabla Juancito Rodríguez
_bel títere analfabeto del comunismo en el caribe .
260 _aSanto Domingo :
_bMontalvo ,
_c1955.
300 _a9p.
700 1 _aAsociación pro-democracia americana
856 _3Mas? ... busque en WorldCat (solo desde FUNGLODE)
_uhttp://www.firstsearch.oclc.org/fsip
942 _2lcc
_cbk
946 _aclperez
999 _c95627
_d95627